000 00809nam1a22002171i 4500
001 rc\1189008
005 20240724000818.0
035 _a(NLR Aleph) 005973794
090 _a6959783
_c6959783
100 _a20060320g19849999u |0rusy50 ca
101 0 _arus
102 _aRU
105 _ay |||||||||
200 1 _aКарты населения
_eСвод. каталог
_e[В 2 вып.
_fСост. А.М. Нехороших, Н.Н. Мокрова, С.М. Гуль и др.
_gОтв. ред. А.В. Козлова, к. п. н.]
210 _aМ.
_cГос. б-ка СССР
_d1984-
215 _d20
300 _aВ надзаг.: Гос. б-ка СССР им. В.И. Ленина, Отд. картографии
801 0 _aRU
_bNLR
_gpsbo
801 1 _aRU
_bELAR
_2rusmarc
852 _aNLR
_bС
_jК-2/2614
942 _cBOOK